| 000 | 00808pam a22002534a 4500 | ||
|---|---|---|---|
| 008 | |||
| 020 | _a0201880679 (pbk.) | ||
| 049 | _aMAIN | ||
| 090 |
_aHF5548.32 _bKAL |
||
| 100 | _aKalakota, Ravi. | ||
| 245 | 0 | 0 |
_aElectronic commerce : _ba manager's guide / _cRavi Kalakota [and] Andrew B. Whinston. |
| 260 |
_aMassachusetts : _bAddison-Wesley, _cc1997. |
||
| 300 |
_axiv, 431 p. : _bill. ; _c24 cm. |
||
| 500 | _aIncludes index. | ||
| 650 | 0 |
_aElectronic commerce _xManagement. |
|
| 650 | 0 |
_aInformation technology _xManagement. |
|
| 650 | 0 |
_aBusiness enterprises _xComputer networks. |
|
| 700 | 1 | _aWhinston, Andrew B. | |
| 907 |
_a.b10370493 _b29-02-16 _c26-02-16 |
||
| 003 | |||
| 005 | 20230123122210.0 | ||
| 040 | _cNUST | ||
| 942 |
_cBOOKS _kHF5548.32 _mKAL |
||
| 999 |
_c129518 _d129518 |
||